000 01152nam a2200277 i 4500
003 IT-RoINE
005 20200515100856.0
008 910930s1971 it |||||| ||||| |||||c
040 _cIT-RoINE
_dIT-RoINE
041 7 _aita
_2ISO-639-2
100 1 _aBriacca, Giuseppe
_951759
245 1 4 _aGli statuti sinodali novaresi di Papiniano Della Rovere, a. 1298 /
_cGiuseppe Briacca.
260 _aMilano :
_bVita e pensiero,
_c1971.
300 _aVI, 306 p. ;
_c22 cm.
336 _2rdacontent
_atext
337 _2rdamedia
_aunmediated
338 _2rdacarrier
_avolume
490 1 _aPubblicazioni dell'Università Cattolica del Sacro Cuore.
_aSaggi e ricerche.
_aSer. 3.,
_aScienze storiche ;
_v5
500 _aIncluye el taxto de los estatutos.
500 _aIncluye índices.
504 _aIncluye bibliografía.
600 1 4 _aDella Rovere, Papiniano.
_tCanones episcopales Ecclesie Novariensis
_951760
650 4 _951761
_aConcilios y sínodos diocesanos
_zItalia
_zNovara
_y1298
_xNovara <Diocesi>
830 0 _951741
_aPubblicazioni dell'Università cattolica del Sacro Cuore.
_pSaggi e ricerche.
_nSerie terza,
_pScienze storiche
_v5
942 _cMTS
999 _c26142
_d26142